000 00832cam a2200313 i 4500
001 768714001
003 CO-MdFUSB
005 20241203160849.0
007 ta
008 241203t1995 -mx||||| |||| 00| 0 spa d
020 _a968-6529-42-x
040 _cCO-MdFUSB
041 _aspa
082 0 4 _223
_a235.4
_bM4334e
100 1 _aMatlick, Jack
_eautor
245 1 0 _aEntendiendo el ocultismo
_c/ Jack Matlick
264 1 _bEdiciones Las Américas,
_aMéxico :
_c[1995]
264 4 _c©1995
300 _a229 páginas
336 _atexto
_btxt
_2rdacontent
337 _2rdamedia
_asin mediación
_bn
338 _2rdacarrier
_avolumen
_bnc
501 _aRústico
505 _aConceptos básicos del ocultismo, sus prácticas y peligros
563 _aRustico
653 _aOcultismo
942 _cBK
945 _aMiguel
999 _c44543
_d44543